000 00865nam a2200253Ia 4500
003 OSt
005 20220923211145.0
006 a|||||r|||| 00| 0
007 ta
008 220922b |||||||| |||| 00| 0 hin d
020 _a8186684336 (hbk)
_c125
024 _a245,395
037 _b368, 11/02/2011, Swaraj Prakashan
_cTextual
040 _aARTS
_cARTS
_bhin
041 _2hin
_ahin
082 _aT2.2, 152N8
100 _aकृष्ण कुमार
_9156290
245 0 _aशैक्षिक ज्ञान और वर्चस्व
246 _aShaikṣhik jnyān aur varchasva
260 _aनई दिल्ली
_b ग्रंथ शिल्पी
_c1998
300 _a129पृ.
_ccm.
942 _hT2.2, 152N8
_cTEXL
_2CC
999 _c296053
_d296053